Kształty państw do góry nogami #7 - Statystyki

Ogólne statystyki
  • Ten quiz został rozwiązany 118 razy
  • Średni wynik to 10 z 14
Statystyki odpowiedzi
Obrazkowy Odpowiedź % Poprawnych
Estonia
83%
Mauretania
83%
Watykan
83%
Haiti
78%
Brazylia
77%
Kosowo
77%
Etiopia
74%
Kongo
73%
Zjednoczone Emiraty Arabskie
72%
Turkmenistan
71%
Azerbejdżan
69%
Wyspy Marshalla
40%
Barbados
38%
Salwador
38%
Nie znaleziono quizów pasujących do podanych kryteriów
Rozkład punktacji
Procent ludzi z każdym wynikiem
Percentyl według liczby udzielonych odpowiedzi
Twoja historia wyników
Nie rozwiązałeś tego quizu